Once more unto the breach (Record no. 71076)

MARC details
000 -LEADER
fixed length control field 01119cam a2200229 4500
001 - CONTROL NUMBER
control field ABS65793
008 - FIXED-LENGTH DATA ELEMENTS--GENERAL INFORMATION
fixed length control field 020903n2002 000 0 eng u
035 ## - SYSTEM CONTROL NUMBER
System control number (Sirsi) u119548
100 ## - MAIN ENTRY--PERSONAL NAME
Personal name Tolson, S.
245 ## - TITLE STATEMENT
Title Once more unto the breach
260 ## - PUBLICATION, DISTRIBUTION, ETC.
Date of publication, distribution, etc. 2002
490 ## - SERIES STATEMENT
Series statement Building
Volume/sequential designation 267(8247) 16 August 2002, 42-43(2)
520 ## - SUMMARY, ETC.
Summary, etc. Discusses the law in relation to liability of the contractor for defects discovered after practical completion and before final certificate. Questions whether a discruntled employer can cry breach of contract. Mentions the theory of 'temporary disconformity' where however serious the defect may be there can be no breach until the time for completion has arrived. Points out that under JCT 98 the contractor is responsible for making good defects caused by inferior working materials and substandard work before practical completion.
590 ## - LOCAL NOTE (RLIN)
Local note ABS
650 ## - SUBJECT ADDED ENTRY--TOPICAL TERM
Topical term or geographic name entry element BREACH OF CONTRACT
650 ## - SUBJECT ADDED ENTRY--TOPICAL TERM
Topical term or geographic name entry element CONTRACTORS LIABILITY
650 ## - SUBJECT ADDED ENTRY--TOPICAL TERM
Topical term or geographic name entry element DEFECTS
650 ## - SUBJECT ADDED ENTRY--TOPICAL TERM
Topical term or geographic name entry element JCT 98
650 ## - SUBJECT ADDED ENTRY--TOPICAL TERM
Topical term or geographic name entry element TEMPORARY DISCONFORMITY
690 ## - LOCAL SUBJECT ADDED ENTRY--TOPICAL TERM (OCLC, RLIN)
Topical term or geographic name as entry element BUILT ENVIRONMENT-BUILDING CONTRACT FORMS
942 ## - ADDED ENTRY ELEMENTS (KOHA)
Suppress in OPAC 0
Holdings
Withdrawn status Lost status Source of classification or shelving scheme Damaged status Not for loan Home library Current library Shelving location Date acquired Total Checkouts Full call number Barcode Date last seen Copy number Price effective from Koha item type
    Dewey Decimal Classification     London London Journal article 03/09/2002   ABS65793 119548-1001 06/08/2019 1 06/08/2019 Journal article